000 00646nam a2200217Ia 4500
005 20230713103949.0
008 131103s9999 xx 000 0 und d
020 _a047152279 1
040 _aLoreto College
041 _aEnglish
082 _a631.4
_bFOT
100 _aFoth, Hendry D.
245 _aFundamentals of Soil Science
_cHendry D. Foth
250 _a8th edition
260 _aNew York
_bJohn Wiley
_c1990
300 _axv,360 p.
_b ill., fig., tables
504 _aIncludes bibliographical reference and index
650 _aSpecific techniques, apparatus, equipment, materials - Soil Science -
850 _aLCLIB
942 _cBK
999 _c1174
_d51653